[Event "NOR-chT"]
[Site "Fagernes"]
[Date "2013.09.28"]
[Round "4.11"]
[White "Vea, Odin Blikra"]
[Black "Jakobsen, Alf Gjoran"]
[Result "1-0"]
[WhiteElo "2226"]
[BlackElo "1889"]
[PlyCount "61"]
[EventDate "2013.09.27"]
[EventType "team-swiss"]
[EventRounds "6"]
[EventCountry "NOR"]
[SourceTitle "CBM 156 Extra"]
[Source "ChessBase"]
[SourceDate "2013.10.22"]
[SourceVersion "1"]
[SourceVersionDate "2013.10.22"]
[SourceQuality "1"]
[WhiteTeam "Valerenga"]
[BlackTeam "Alta"]
[WhiteTeamCountry "NOR"]
[BlackTeamCountry "NOR"]

1. e4 e5 2. Nf3 Nf6 3. Nxe5 d6 4. Nf3 Nxe4 5. Nc3 Nxc3 6. dxc3 Nc6 7. Be3 Be7 8. Qd2 Be6 9. 0-0-0 0-0 10. c4 Ne5 11. Nxe5 dxe5 12. Qc3 Qe8 13. Qxe5 Qc6 14. Bd3 Bf6 15. Qb5 Qxb5 16. cxb5 Rfd8 17. Be4 Rxd1+ 18. Rxd1 Bc8 19. a3 a6 20. bxa6 Rxa6 21. Bf4 c5 22. Bd5 b5 23. Re1 Be6 24. Bxe6 fxe6 25. Re4 Kf7 26. c3 Kg6 27. f3 Ra4 28. Rxa4 bxa4 29. c4 Bd4 30. Kc2 e5 31. Bg3 1-0

[Event "Rilton Cup 42nd"]
[Site "Stockholm"]
[Date "2013.01.05"]
[Round "9"]
[White "Olofsson Dolk, Mattis"]
[Black "Jakobsen, Alf Gjoran"]
[Result "1/2-1/2"]
[WhiteElo "2024"]
[BlackElo "1901"]
[PlyCount "23"]
[EventDate "2012.12.27"]
[EventType "swiss"]
[EventRounds "9"]
[EventCountry "SWE"]
[SourceTitle "CBM 152 Extra"]
[Source "ChessBase"]
[SourceDate "2013.02.25"]
[SourceVersion "1"]
[SourceVersionDate "2013.02.25"]
[SourceQuality "1"]

1. e4 e5 2. Nf3 Nf6 3. Nxe5 d6 4. Nf3 Nxe4 5. Nc3 Nxc3 6. dxc3 Nc6 7. Be3 Be7 8. Qd2 Bf5 9. 0-0-0 0-0 10. Nd4 Nxd4 11. cxd4 d5 12. f3 1/2-1/2

[Event "Rilton Cup 42nd"]
[Site "Stockholm"]
[Date "2013.01.01"]
[Round "5"]
[White "Krasenkova, Ilena"]
[Black "Jakobsen, Alf Gjoran"]
[Result "1-0"]
[WhiteElo "2136"]
[BlackElo "1901"]
[PlyCount "55"]
[EventDate "2012.12.27"]
[EventType "swiss"]
[EventRounds "9"]
[EventCountry "SWE"]
[SourceTitle "CBM 152 Extra"]
[Source "ChessBase"]
[SourceDate "2013.02.25"]
[SourceVersion "1"]
[SourceVersionDate "2013.02.25"]
[SourceQuality "1"]

1. d4 f5 2. Nc3 Nf6 3. d5 d6 4. Bg5 e5 5. dxe6 Bxe6 6. g3 g6 7. Bg2 c6 8. Qd4 Bg7 9. 0-0-0 d5 10. e4 fxe4 11. Nxe4 Nxe4 12. Qxg7 Qxg5+ 13. f4 Qf6 14. Qxb7 Nf2 15. Re1 0-0 16. Qxa8 Nxh1 17. Bxh1 Qf7 18. Nf3 Rc8 19. Ng5 Qd7 20. Rxe6 Na6 21. Re7 Qxe7 22. Qxc8+ Kg7 23. Qe6 Qb7 24. Qe5+ Kh6 25. Ne6 Qe7 26. Qg5+ Qxg5 27. fxg5+ Kh5 28. Bf3# 1-0

[Event "Rilton Cup 42nd"]
[Site "Stockholm"]
[Date "2012.12.29"]
[Round "3"]
[White "Volodin, Aleksandr"]
[Black "Jakobsen, Alf Gjoran"]
[Result "1-0"]
[WhiteElo "2506"]
[BlackElo "1901"]
[PlyCount "107"]
[EventDate "2012.12.27"]
[EventType "swiss"]
[EventRounds "9"]
[EventCountry "SWE"]
[SourceTitle "CBM 152 Extra"]
[Source "ChessBase"]
[SourceDate "2013.02.25"]
[SourceVersion "1"]
[SourceVersionDate "2013.02.25"]
[SourceQuality "1"]

1. d4 Nf6 2. c4 e6 3. Nf3 d5 4. Nc3 Be7 5. Bf4 0-0 6. e3 Nh5 7. Be5 f6 8. Bg3 Nxg3 9. hxg3 c6 10. Bd3 g6 11. Qc2 Kg7 12. 0-0-0 dxc4 13. Bxc4 b5 14. Bd3 Na6 15. Qd2 b4 16. Ne2 Rh8 17. e4 c5 18. Qh6+ Kf7 19. e5 f5 20. g4 Qf8 21. Qh3 cxd4 22. gxf5 exf5 23. Bc4+ Ke8 24. Nfxd4 Nc7 25. Qf3 Bg5+ 26. Kb1 Qc5 27. Bb3 Qxe5 28. Qc6+ Bd7 29. Qxd7+ Kxd7 30. Nf3+ Qd6 31. Nxg5 Qxd1+ 32. Rxd1+ Ke7 33. Nf4 Kf6 34. Nf7 Rhe8 35. Rd7 g5 36. Rd6+ Ke7 37. Nd3 Nb5 38. Rd5 Kxf7 39. Rxf5+ Kg6 40. Rxb5 Rab8 41. Ra5 Rb7 42. g4 Rc7 43. f4 h6 44. f5+ Kf6 45. Ra6+ Kg7 46. Rd6 Rf8 47. Nxb4 Rfc8 48. a3 a5 49. Nd5 Rc1+ 50. Ka2 Rg1 51. Rg6+ Kf8 52. Nc3 Rd8 53. f6 Ke8 54. Be6 1-0

[Event "London Classic op 4th"]
[Site "London"]
[Date "2012.12.07"]
[Round "7"]
[White "Jakobsen, Alf Gjoran"]
[Black "Shierlaw, Hamish"]
[Result "1-0"]
[WhiteElo "1901"]
[BlackElo "1582"]
[PlyCount "37"]
[EventDate "2012.12.01"]
[EventType "swiss"]
[EventRounds "9"]
[EventCountry "ENG"]
[SourceTitle "CBM 151 Extra"]
[Source "ChessBase"]
[SourceDate "2012.12.18"]
[SourceVersion "1"]
[SourceVersionDate "2012.12.18"]
[SourceQuality "1"]

1. d4 Nf6 2. c4 e6 3. Nc3 d5 4. cxd5 exd5 5. Nf3 Be7 6. Bf4 a6 7. e3 0-0 8. Be2 Nbd7 9. Rc1 Nb6 10. 0-0 Bf5 11. Qb3 Rb8 12. Bxc7 Qxc7 13. Nxd5 Qd6 14. Nxb6 Be6 15. Bc4 Bxc4 16. Nxc4 Qd7 17. Nce5 Qd5 18. Qxd5 Nxd5 19. Nd7 1-0

[Event "London Classic op 4th"]
[Site "London"]
[Date "2012.12.05"]
[Round "5"]
[White "Jakobsen, Alf Gjoran"]
[Black "Miu, Marinel"]
[Result "1/2-1/2"]
[WhiteElo "1901"]
[BlackElo "1631"]
[PlyCount "72"]
[EventDate "2012.12.01"]
[EventType "swiss"]
[EventRounds "9"]
[EventCountry "ENG"]
[SourceTitle "CBM 151 Extra"]
[Source "ChessBase"]
[SourceDate "2012.12.18"]
[SourceVersion "1"]
[SourceVersionDate "2012.12.18"]
[SourceQuality "1"]

1. d4 Nf6 2. c4 b6 3. Nc3 Bb7 4. Nf3 e6 5. Bg5 Be7 6. e3 h6 7. Bh4 Ne4 8. Bxe7 Qxe7 9. Nxe4 Bxe4 10. a3 0-0 11. Rc1 d6 12. c5 dxc5 13. dxc5 Nd7 14. cxb6 Nxb6 15. Be2 c5 16. 0-0 Qf6 17. Qb3 c4 18. Qc3 Qxc3 19. Rxc3 Bxf3 20. Bxf3 Rad8 21. Rfc1 Rd2 22. R3c2 Rfd8 23. Kf1 Kf8 24. Ke1 R2d3 25. Be2 Rb3 26. Ra1 Ke7 27. a4 a5 28. Ra2 Rb4 29. Rc3 Rxa4 30. Rxa4 Nxa4 31. Rxc4 Nxb2 32. Rc3 Rd5 33. Ra3 Rc5 34. Kd2 Nc4+ 35. Bxc4 Rxc4 36. Rxa5 Rc7 1/2-1/2

[Event "Narvik Rallarsjakken A"]
[Site "Narvik"]
[Date "2012.04.20"]
[Round "1"]
[White "Hanssen, Johnny"]
[Black "Jakobsen, Alf Gjoran"]
[Result "1/2-1/2"]
[WhiteElo "1967"]
[BlackElo "1226"]
[PlyCount "83"]
[EventDate "2012.04.20"]
[EventType "swiss"]
[EventRounds "5"]
[EventCountry "NOR"]
[SourceTitle "EXT 2024"]
[Source "ChessBase"]
[SourceDate "2023.10.10"]
[SourceVersion "1"]
[SourceVersionDate "2023.10.10"]
[SourceQuality "1"]

1. e4 e5 2. Nf3 Nc6 3. Bb5 a6 4. Ba4 Nf6 5. d3 Be7 6. c3 0-0 7. Bxc6 bxc6 8. Nxe5 Bb7 9. 0-0 d5 10. Qe2 dxe4 11. dxe4 c5 12. f3 Re8 13. Qc4 Rf8 14. Be3 Qd6 15. Nd3 Nd7 16. Rd1 Ne5 17. Qxc5 Nxf3+ 18. Kf2 Qf6 19. Qf5 Qxf5 20. exf5 Ng5 21. Nd2 Ne4+ 22. Nxe4 Bxe4 23. g4 Bh4+ 24. Ke2 Rfe8 25. Nf2 Bc6 26. a4 Rab8 27. b4 Bf6 28. Kd3 Rbd8+ 29. Bd4 Bh4 30. Rd2 Bf3 31. Rg1 Bg5 32. Rb2 Re3+ 33. Kc2 Re2+ 34. Kb1 Rxb2+ 35. Kxb2 Re8 36. Rg3 Bd5 37. b5 Re2+ 38. Kb1 axb5 39. axb5 Bf4 40. Rg1 Bxh2 41. Rd1 Ba2+ 42. Ka1 1/2-1/2

[Event "London Classic op"]
[Site "London"]
[Date "2011.12.11"]
[Round "9"]
[White "Iyengar, Ilya"]
[Black "Jakobsen, Alf Gjoran"]
[Result "1-0"]
[WhiteElo "1974"]
[BlackElo "1861"]
[PlyCount "87"]
[EventDate "2011.12.03"]
[EventType "swiss"]
[EventRounds "9"]
[EventCountry "ENG"]
[SourceTitle "CBM 145 Extra"]
[Source "ChessBase"]
[SourceDate "2012.01.03"]
[SourceVersion "1"]
[SourceVersionDate "2012.01.03"]
[SourceQuality "1"]

1. d4 e6 2. Nf3 Nf6 3. c4 d5 4. Nc3 c6 5. Qc2 Bb4 6. e3 Qa5 7. Bd2 Nbd7 8. Bd3 dxc4 9. Bxc4 Nb6 10. Bd3 Nbd5 11. 0-0 Nxc3 12. bxc3 Bd6 13. e4 e5 14. c4 Bb4 15. Bxb4 Qxb4 16. Nxe5 Qd6 17. Nf3 Qf4 18. Qd2 Qg4 19. Qg5 h6 20. Qe5+ Qe6 21. d5 Qxe5 22. Nxe5 cxd5 23. cxd5 0-0 24. f4 Re8 25. Rae1 a6 26. Nc4 b5 27. Nb6 Rb8 28. Nxc8 Rexc8 29. d6 Rc3 30. Bb1 Nd7 31. e5 Re8 32. Bf5 Nb6 33. Rc1 Na4 34. Rxc3 Nxc3 35. Rf2 g6 36. Bd7 Rd8 37. Bc6 Rc8 38. d7 Rd8 39. Rc2 b4 40. a3 a5 41. axb4 axb4 42. Rb2 Rb8 43. Rxb4 Rd8 44. Rc4 1-0

[Event "London Classic op"]
[Site "London"]
[Date "2011.12.08"]
[Round "6"]
[White "Jakobsen, Alf Gjoran"]
[Black "Gopakumar, Siddharth"]
[Result "1/2-1/2"]
[WhiteElo "1861"]
[BlackElo "1796"]
[PlyCount "28"]
[EventDate "2011.12.03"]
[EventType "swiss"]
[EventRounds "9"]
[EventCountry "ENG"]
[SourceTitle "CBM 145 Extra"]
[Source "ChessBase"]
[SourceDate "2012.01.03"]
[SourceVersion "1"]
[SourceVersionDate "2012.01.03"]
[SourceQuality "1"]

1. d4 d5 2. c4 c6 3. cxd5 cxd5 4. Nc3 Nf6 5. Nf3 Bf5 6. Qb3 b6 7. Bf4 a6 8. Na4 Nbd7 9. Rc1 b5 10. Nc5 e6 11. Nxd7 Nxd7 12. Bc7 Qc8 13. Bf4 Qd8 14. Bc7 Qc8 1/2-1/2

[Event "Alta Grand Prix"]
[Site "Alta"]
[Date "2011.11.12"]
[Round "2"]
[White "Jakobsen, Alf Gjoran"]
[Black "Machlik, Edit"]
[Result "0-1"]
[WhiteElo "1766"]
[BlackElo "1524"]
[PlyCount "74"]
[EventDate "2011.11.11"]
[EventType "swiss"]
[EventRounds "5"]
[EventCountry "NOR"]
[SourceTitle "EXT 2023"]
[Source "ChessBase"]
[SourceDate "2022.10.05"]
[SourceVersion "1"]
[SourceVersionDate "2022.10.05"]
[SourceQuality "1"]

1. d4 e6 2. c4 Bb4+ 3. Bd2 Bxd2+ 4. Qxd2 Nf6 5. Nc3 b6 6. e4 d6 7. Bd3 Bb7 8. Nge2 0-0 9. 0-0 Nbd7 10. f4 e5 11. d5 exf4 12. Nxf4 Ne5 13. Rae1 Nfg4 14. Nd1 Qh4 15. Nh3 Bc8 16. Ne3 Nxd3 17. Qxd3 Ne5 18. Qe2 Bxh3 19. gxh3 Qxe4 20. b3 Rae8 21. Qd1 Nd3 22. Re2 Nf4 23. Rxf4 Qxf4 24. Ng2 Qf3 25. Rd2 Qxd1+ 26. Rxd1 Re2 27. a4 Rfe8 28. Rd3 Rb2 29. Ne3 Re5 30. Nf1 Re1 31. Rf3 Rbb1 32. Kg2 Rxf1 33. Rxf1 Rxf1 34. Kxf1 f5 35. Ke2 Kf7 36. Ke3 Kf6 37. Kd4 a5 0-1

[Event "Alta Grand Prix"]
[Site "Alta"]
[Date "2011.11.11"]
[Round "1"]
[White "Notkevich, Benjamin Arvola"]
[Black "Jakobsen, Alf Gjoran"]
[Result "1-0"]
[WhiteElo "2210"]
[BlackElo "1766"]
[PlyCount "63"]
[EventDate "2011.11.11"]
[EventType "swiss"]
[EventRounds "5"]
[EventCountry "NOR"]
[SourceTitle "EXT 2023"]
[Source "ChessBase"]
[SourceDate "2022.10.05"]
[SourceVersion "1"]
[SourceVersionDate "2022.10.05"]
[SourceQuality "1"]

1. e4 e5 2. Nf3 Nf6 3. Nxe5 d6 4. Nf3 Nxe4 5. Nc3 Nxc3 6. dxc3 Nc6 7. Bf4 Be7 8. Qd2 Bg4 9. Nd4 Nxd4 10. cxd4 d5 11. Bd3 Bd6 12. Qe3+ Be6 13. Be5 f6 14. Bg3 Kf7 15. 0-0 Qd7 16. Rae1 Rae8 17. Qf3 h5 18. h3 c6 19. Re3 g5 20. Be5 Be7 21. Rfe1 Kg7 22. Bb8 Bf7 23. Bf5 Qd8 24. Bxa7 Bd6 25. Bc5 Rxe3 26. Rxe3 Bxc5 27. dxc5 Re8 28. Rxe8 Qxe8 29. Qe3 Qxe3 30. fxe3 Bg6 31. Bc8 Bxc2 32. Bxb7 1-0

[Event "Oslo op ELO"]
[Site "Oslo"]
[Date "2011.10.02"]
[Round "4"]
[White "Jakobsen, Alf Gjoran"]
[Black "Beddari, Steinar"]
[Result "0-1"]
[WhiteElo "1853"]
[BlackElo "2400"]
[PlyCount "84"]
[EventDate "2011.10.02"]
[EventType "swiss"]
[EventRounds "9"]
[EventCountry "NOR"]
[SourceTitle "EXT 2023"]
[Source "ChessBase"]
[SourceDate "2022.10.05"]
[SourceVersion "1"]
[SourceVersionDate "2022.10.05"]
[SourceQuality "1"]

1. d4 Nf6 2. Nf3 g6 3. g3 d5 4. Bg2 Bg7 5. 0-0 0-0 6. c4 c6 7. cxd5 cxd5 8. Nc3 Nc6 9. h3 Ne4 10. e3 Bf5 11. Nd2 Nxc3 12. bxc3 e5 13. Ba3 Re8 14. Qb3 Bd3 15. Bxd5 Qd7 16. Bg2 exd4 17. cxd4 Bxf1 18. Rxf1 Rac8 19. Nc4 Bf8 20. Bb2 Nb4 21. Ne5 Qe6 22. d5 Qd6 23. Ng4 Bg7 24. Bxg7 Kxg7 25. Qb2+ f6 26. Nxf6 Qxf6 27. Qxb4 b6 28. Qa4 Re7 29. e4 Rf7 30. Qb5 Rc2 31. f4 Qd4+ 32. Kh1 Rfc7 33. e5 Rxg2 34. Kxg2 Qe4+ 35. Kg1 Rc2 36. Rf2 Rc1+ 37. Rf1 Qe3+ 38. Kh1 Qf3+ 39. Kg1 Qxg3+ 40. Kh1 Qxh3+ 41. Kg1 Qg3+ 42. Kh1 Rc2 0-1

[Event "NOR-ch North"]
[Site "Tromsoe"]
[Date "2011.06.10"]
[Round "3"]
[White "Grundekjon, Christian S"]
[Black "Jakobsen, Alf Gjoran"]
[Result "1-0"]
[WhiteElo "1777"]
[BlackElo "1723"]
[PlyCount "127"]
[EventDate "2011.06.10"]
[EventType "swiss"]
[EventRounds "6"]
[EventCountry "NOR"]
[SourceTitle "EXT 2023"]
[Source "ChessBase"]
[SourceDate "2022.10.05"]
[SourceVersion "1"]
[SourceVersionDate "2022.10.05"]
[SourceQuality "1"]

1. c4 Nf6 2. Nc3 e6 3. e4 d6 4. Nf3 c5 5. d4 cxd4 6. Nxd4 a6 7. Be2 Be7 8. 0-0 Bd7 9. Kh1 Nc6 10. f4 e5 11. Nf5 Bxf5 12. fxe5 dxe5 13. exf5 Qxd1 14. Bxd1 h6 15. Be3 0-0-0 16. a3 Rd3 17. Re1 Nd4 18. Rc1 Nd7 19. Nd5 Bd8 20. Nb4 Rxe3 21. Rxe3 Bg5 22. Rcc3 Bxe3 23. Rxe3 Nxf5 24. Rf3 Nd6 25. Nd5 Kb8 26. b4 f6 27. c5 Nb5 28. Rg3 g5 29. Bg4 Rd8 30. a4 Nc7 31. Ne7 e4 32. h3 Ne5 33. Nf5 Nxg4 34. Rxg4 Rd1+ 35. Kh2 Re1 36. Nxh6 Nd5 37. Nf5 e3 38. Re4 e2 39. Nd4 Nc3 40. Re8+ Kc7 41. Re7+ Kd8 42. Re3 f5 43. Ne6+ Kc8 44. Nxg5 Rf1 45. Nf3 f4 46. Re5 Rf2 47. Nd4 Rf1 48. Nf3 Rb1 49. h4 Rxb4 50. h5 Re4 51. Rxe4 Nxe4 52. h6 Ng5 53. Ne1 Kc7 54. Kg1 Kc6 55. Kf2 Kxc5 56. Nd3+ Kc4 57. Kxe2 a5 58. Nxf4 Kb4 59. Nh3 Nf7 60. h7 Kxa4 61. g4 Kb3 62. g5 Nh8 63. Nf4 a4 64. g6 1-0

[Event "NOR-ch North"]
[Site "Tromsoe"]
[Date "2011.06.10"]
[Round "2"]
[White "Jakobsen, Alf Gjoran"]
[Black "Johnsen, Kjell Magne"]
[Result "1/2-1/2"]
[WhiteElo "1723"]
[BlackElo "1926"]
[PlyCount "36"]
[EventDate "2011.06.10"]
[EventType "swiss"]
[EventRounds "6"]
[EventCountry "NOR"]
[SourceTitle "EXT 2023"]
[Source "ChessBase"]
[SourceDate "2022.10.05"]
[SourceVersion "1"]
[SourceVersionDate "2022.10.05"]
[SourceQuality "1"]

1. d4 e6 2. c4 Nf6 3. Nc3 Bb4 4. Qc2 Nc6 5. Nf3 d6 6. Bd2 0-0 7. e3 Qe7 8. a3 Bxc3 9. Bxc3 a5 10. b3 Re8 11. Be2 e5 12. d5 Nb8 13. 0-0 Nbd7 14. b4 axb4 15. axb4 Rxa1 16. Rxa1 Nf8 17. Rd1 Ng6 18. Bb2 b6 1/2-1/2

[Event "NOR-ch Noth A"]
[Site "Alta"]
[Date "2011.05.14"]
[Round "3"]
[White "Jakobsen, Alf Gjoran"]
[Black "Schjelderup, Nils Jakob"]
[Result "1/2-1/2"]
[WhiteElo "1731"]
[BlackElo "1521"]
[PlyCount "56"]
[EventDate "2011.05.13"]
[EventType "swiss"]
[EventRounds "5"]
[EventCountry "NOR"]
[SourceTitle "EXT 2024"]
[Source "ChessBase"]
[SourceDate "2023.10.10"]
[SourceVersion "1"]
[SourceVersionDate "2023.10.10"]
[SourceQuality "1"]

1. d4 d6 2. c4 e5 3. dxe5 dxe5 4. Qxd8+ Kxd8 5. Nf3 f6 6. Nc3 c6 7. Bd2 Be6 8. e3 Nd7 9. Be2 Nh6 10. 0-0 Be7 11. Rfd1 Kc7 12. Rac1 Nb6 13. b3 Rad8 14. e4 Kb8 15. Bxh6 gxh6 16. Rxd8+ Rxd8 17. Rd1 Kc7 18. Kf1 a5 19. Rc1 Ba3 20. Rc2 Kb8 21. Ne1 Be7 22. Nd3 Nd7 23. Ke1 Nc5 24. Rd2 Nxd3+ 25. Rxd3 Rxd3 26. Bxd3 Kc7 27. Ke2 Bc5 28. Nd1 Kd7 1/2-1/2